KHETI (Record no. 23945)

MARC details
000 -LEADER
fixed length control field 00232nam a22001217a 4500
003 - CONTROL NUMBER IDENTIFIER
control field SGT
082 ## - DEWEY DECIMAL CLASSIFICATION NUMBER
Item number SIN
100 ## - MAIN ENTRY--PERSONAL NAME
Personal name SINGH, ASHOK KUMAR
245 ## - TITLE STATEMENT
Title KHETI
260 ## - PUBLICATION, DISTRIBUTION, ETC. (IMPRINT)
Place of publication, distribution, etc INDIA
Name of publisher, distributor, etc ICAR
Year of Publication 2016-2017
300 ## - PAGE DESCRIPTION
No. of Pages 185
942 ## - ADDED ENTRY ELEMENTS (KOHA)
Source of classification or shelving scheme Dewey Decimal Classification
Koha item type Back Volumes
Holdings
Withdrawn status Lost status Source of classification or shelving scheme Damaged status Not for loan Home library Current library Date acquired SGTU Total Checkouts Full call number Accession No. (Barcode) Date last seen Bill Date Koha item type
    Dewey Decimal Classification   Not For Loan SGT Science & Social Sciences Library SGT Science & Social Sciences Library 31/05/2023 SGTU   SIN AP41 31/05/2023 31/05/2023 Back Volumes